000 00348 a2200169 4500
001 171815
020 _a85-08-03868-2
040 _cMagnum
100 _aRey, Marcos
240 1 0 _aNa rota do perigo
_lpor
245 1 0 _aNa rota do perigo
300 _a128
362 0 _a1993
440 1 _aÁtica
697 _aLITERATURA JUVENIL
942 _cBK
999 _c171815
_d171815